LEADER 01046nas 2200385 c 450 001 996206338503316 005 20181220151931.0 035 $a(CKB)1000000000533410 035 $a(OCoLC)643810484 035 $a(DE-101)985385324 035 $a(DE-599)ZDB2383397-X 035 $a(EXLCZ)991000000000533410 100 $a20070817a20079999 |y | 101 0 $aeng 135 $aur||||||||||| 181 $ctxt$2rdacontent 182 $cc$2rdamedia 183 $acr$2rdacarrier 200 00$aAfrican journal of environmental science and technology$eAJEST 210 31$a[S.l.]$cAcademic Journals$d2007- 215 $aOnline-Ressource 300 $aGesehen am 26.08.13 311 $a1996-0786 517 3 $aAJEST 608 $aZeitschrift$2gnd-content 676 $a500 676 $a690 686 $aAFRIKA$qDE-30$2fid 801 0$b0007 801 1$bDE-101 801 2$b0030 906 $aJOURNAL 912 $a996206338503316 996 $aAfrican journal of environmental science and technology$92143941 997 $aUNISA LEADER 05820nam 2200745 450 001 9910787074803321 005 20230803204709.0 010 $a3-11-038602-X 010 $a3-11-036863-3 024 7 $a10.1515/9783110368635 035 $a(CKB)3710000000229309 035 $a(EBL)1713061 035 $a(SSID)ssj0001562055 035 $a(PQKBManifestationID)16204884 035 $a(PQKBTitleCode)TC0001562055 035 $a(PQKBWorkID)14833069 035 $a(PQKB)11400191 035 $a(MiAaPQ)EBC1713061 035 $a(DE-B1597)429137 035 $a(OCoLC)1013939969 035 $a(OCoLC)1029830091 035 $a(OCoLC)891762789 035 $a(OCoLC)892431855 035 $a(DE-B1597)9783110368635 035 $a(Au-PeEL)EBL1713061 035 $a(CaPaEBR)ebr11014100 035 $a(CaONFJC)MIL806124 035 $a(OCoLC)890089880 035 $a(EXLCZ)993710000000229309 100 $a20150217h20142014 uy 0 101 0 $ager 135 $aur|n|---||||| 181 $ctxt 182 $cc 183 $acr 200 04$aDie Farben der Romantik $ePhysik und Physiologie, Kunst und Literatur /$fherausgegeben von Walter Pape 210 1$aBerlin, [Germany] ;$aBoston, [Massachusetts] :$cDe Gruyter,$d2014. 210 4$d©2014 215 $a1 online resource (232 p.) 225 1 $aSchriften der Internationalen Arnim-Gesellschaft,$x1439-7889 ;$vBand 10 300 $aDescription based upon print version of record. 311 $a3-11-036753-X 320 $aIncludes bibliographical references. 327 $t Frontmatter -- $tInhalt -- $tVorwort -- $tNATURWISSENSCHAFT, PHYSIOLOGIE UND PHILOSOPHIE -- $tWie Farben ?hinter dem Spektrum? Gestalt annehmen: Von der Konstruktivität der romantischen Naturforschung / $rDietzsch, Steffen -- $tSprache und Erkenntnis: Licht und Dunkel in Clemens Brentanos und Johann Joseph von Görres »Geschichte von BOGS dem Uhrmacher« / $rNitschke, Claudia -- $tSchattenspielereien: Ästhetische und physikalische Experimente mit Licht und Schatten in Arnims Schattenspiel »Das Loch« / $rPietsch, Yvonne -- $tMALEREI, WAHRNEHMUNG UND ÄSTHETIK -- $t»A kind of magick«: Gainsborough, Priestley und die Dynamik der Farben / $rJehle, Oliver -- $t»Aufhebung aller Individualität« - Die Farbe Grau bei Philipp Otto Runge im Kontext seiner religiösen Anschauung / $rPütz, Saskia -- $tGrau und Braun - »Vorgefühl der Gegensätze des Kalten und Warmen«: Zur Rehabilitierung der ?farblosen?, ?schmutzigen? Farben bei Goethe / $rHamacher, Bernd -- $t»Richtige Zeichnung und Charakter« und »reichergiebiger Farbenquast«: Umriss und Farbe in Literatur und Malerei um 1800 / $rPape, Walter -- $t»in seiner ursprünglichen bunten Wunderbarkeit«: Aufgeklärte Wahrnehmungstheorie und romantisierte Wahrnehmung bei Novalis und Tieck / $rKasper, Norman -- $tKlangfarbe - Zur Genese einer musikästhetischen Metapher in der romantischen Literatur / $rBüttner, Urs -- $tSYMBOLIK UND HEILSGESCHICHTE -- $tBlau und Gold: Chromatik der Sehnsucht bei Novalis / $rEgger, Irmgard -- $t»mit Farben bunt geschmückt« und »Ew'ger Liebe hohes Licht« Farbsymbolik in Arnims Drama »Halle und Jerusalem« / $rEhrlich, Lothar -- $t»Es kommen jetzt so schöne fremde Farben auf«: Arnims Spiel mit Licht und Farbe in »Die drei liebreichen Schwestern und der glückliche Färber« / $rBurwick, Roswitha -- $tFARBWÖRTER UND FARBREALITÄT -- $tGlänzender, schimmernder Schein: Zur Rolle der Farbbezeichnungen in Tiecks synästhetischen Phantasien / $rNienhaus, Stefan -- $tFarben in der Lyrik Achim von Arnims / $rMoering, Renate -- $tGrauzone des Realen: Annäherung an eine romantische Farbnuance / $rTheile, Gert -- $tLiteraturverzeichnis -- $tVerzeichnis der Beiträgerinnen und Beiträger 330 $aVor der Académie Royale de Peinture et de Sculpture erklärte der Maler Charles Le Brun 1667: "Tout l'apanage de la couleur est de satisfaire les yeux, au lieu que le dessin satisfait l'esprit". Bereits an dieser Zuordnung wird deutlich, dass Farben stets der sinnlichen Seite der Kunst zugeschlagen wurden; noch Kant betonte, dass "Farben, Töne und Wärme [...] bloß Empfindungen und nicht Anschauungen" seien. - Den Farben der Wirklichkeit und den Farben der bildenden Kunst stehen die Farbwörter und die meist metaphorischen Farben in Sprache und Literatur gegenüber. Die um 1800 geführte Diskussion über subjektive/objektive Wahrnehmung wird auch im Wandel von Newtons ?physikalischem? zum ?physiologischen? Farbverständnis deutlich. Das neunte Kolloquium der Internationalen Arnim-Gesellschaft hat die naturwissenschaftlich-physiologische, die ästhetische und symbolische Funktion und Bedeutung der Farben der Romantik erstmals in ihrem Zusammenhang untersucht und ist zudem dem Verhältnis von "Farben und Wörtern" (Jacques Le Rider) im Kontext der Diskussion von Gefühl und Empfindung nachgegangen. 410 0$aSchriften der Internationalen Arnim-Gesellschaft ;$vBand 10. 606 $aColor in literature$vCongresses 606 $aRomanticism$zGermany$vCongresses 606 $aGerman literature$y18th century$xHistory and criticism$vCongresses 606 $aGerman literature$y19th century$xHistory and criticism$vCongresses 615 0$aColor in literature 615 0$aRomanticism 615 0$aGerman literature$xHistory and criticism 615 0$aGerman literature$xHistory and criticism 676 $a830.9/145 686 $aEC 2410$2rvk 702 $aPape$b Walter 712 12$aKolloquium der Internationalen Arnim-Gesellschaft$d(9th :$f2012 :$eHalle an der Saale, Germany) 801 0$bMiAaPQ 801 1$bMiAaPQ 801 2$bMiAaPQ 906 $aBOOK 912 $a9910787074803321 996 $aDie Farben der Romantik$93782837 997 $aUNINA LEADER 03043nam 22005771 450 001 9910785220703321 005 20100224155238.0 010 $a1-4725-4913-9 010 $a1-282-87550-7 010 $a9786612875502 010 $a1-4411-6667-X 024 7 $a10.5040/9781472549136 035 $a(CKB)2670000000054851 035 $a(EBL)601896 035 $a(OCoLC)676697603 035 $a(SSID)ssj0000423698 035 $a(PQKBManifestationID)11306900 035 $a(PQKBTitleCode)TC0000423698 035 $a(PQKBWorkID)10468255 035 $a(PQKB)11752558 035 $a(MiAaPQ)EBC601896 035 $a(UtOrBLW)bpp09255406 035 $a(EXLCZ)992670000000054851 100 $a20140929d2009 uy 0 101 0 $aeng 135 $aurcnu|||||||| 181 $ctxt$2rdacontent 182 $cc$2rdamedia 183 $acr$2rdacarrier 200 10$aMysticism $ea guide for the perplexed /$fPaul Oliver 210 1$aLondon ;$aNew York :$cContinuum,$d2009. 215 $a1 online resource (vii, 170 pages) 225 0$aGuides for the perplexed 300 $aDescription based upon print version of record. 311 $a0-8264-4616-7 311 $a0-8264-2120-2 320 $aIncludes bibliographical references (pages164-167) and index. 327 $aIntroduction -- Part I : What is Mysticism? 1. The Concept of Mysticism ; 2. Approaches Used by Mystics ; 3. Life Styles of Mystics -- Part II : The Traditions of Mysticism. 4. Buddhist Mysticism ; 5. Sufism ; 6. The Nature Mysticism of Taoism and Shinto ; 7. Christian Mysticism ; 8. Kabbalah ; 9. Hindu Mysticism ; 10. Sikh and Jain Mysticism -- Part III: The Purpose of Mysticism. 11. The Mystical Goal ; 12. Mystical and Orthodox Traditions ; Glossary -- Bibliography -- Index. 330 $a"Mysticism is one of the most enduring and fascinating aspects of religious life, and one of the most difficult to unpick. It has, over the centuries, inspired many of the leading figures in different faiths to seek a sense of union with God or with the spiritual forces in the universe, and is increasingly part of the spiritual mainstream. Designed for students grappling with this complicated area, this book enables readers to understand the nature of mysticism, and to examine in detail the traditional methods used by mystics in seeking an intimate understanding of the spiritual world. Including a detailed survey of mystical trends within all the main world religions, and case studies of the lives of important mystics, Mysticism: A Guide for the Perplexed also examines the nature of the mystical lifestyle, and the extent to which ordinary people can develop a sense of personal mysticism."--Bloomsbury Publishing. 410 0$aGuides for the perplexed. 606 $aMysticism 606 $2Mysticism 615 0$aMysticism. 676 $a204/.22 700 $aOliver$b Paul$037050 801 0$bUtOrBLW 801 1$bUtOrBLW 906 $aBOOK 912 $a9910785220703321 996 $aMysticism$93732179 997 $aUNINA